000
00450nam a2200145Ia 4500
008
100204s9999 xx 000 0 und d
082
_b
8270
100
_a
डिकुना जोेऐल
245
_a
पोलादी पोप
260
_b
"सुवार्ता प्रकाशन , वसई"
_c
1986
300
_a
8+120
630
_a
पोलादी पोप
730
_a
पोलादी पोप
942
_c
BOOK
999
_c
452706
_d
452703